| 000 | 00698cam a2200217 a 4500 | ||
|---|---|---|---|
| 001 | 000006182 | ||
| 005 | 20200929151949.0 | ||
| 008 | 990630s1999 ve 001 0 spa | ||
| 020 | _a9800110771 | ||
| 040 |
_aDO-SdBNP _cDLC |
||
| 082 |
_aV861.44 _bV712m |
||
| 100 | 1 |
_aVilla Pelayo, José Jesús, _d1962- _917325 |
|
| 245 | 1 | 0 |
_aMariana de Coimbra / _cJosé Jesús Villa Pelayo. |
| 260 |
_aCaracas, Venezuela : _bMonte Ávila Editores Latinoamericana, _c1999. |
||
| 300 |
_a79 p. ; _c21 cm. |
||
| 490 | 1 | _aLos Espacios cálidos | |
| 650 | 4 |
_aPoesìa venezolana _917326 |
|
| 650 | 4 |
_aLiteratura venezolana _93816 |
|
| 830 | 0 |
_aLos Espacios cálidos _917327 |
|
| 910 | _aCatalogación por copia / LC | ||
| 999 |
_c5977 _d5977 |
||